El amor es equilibrio / (Registro nro. 7115)

Detalles MARC
000 -LEADER
fixed length control field 00685nam a2200229 a 4500
001 - CONTROL NUMBER
control field 000044190
003 - CONTROL NUMBER IDENTIFIER
control field 000044190
005 - DATE AND TIME OF LATEST TRANSACTION
control field 20140709095550.0
008 - FIXED-LENGTH DATA ELEMENTS--GENERAL INFORMATION
fixed length control field 140605s2009 dr 000 0 spa d
020 ## - INTERNATIONAL STANDARD BOOK NUMBER
International Standard Book Number 9789945468007
040 ## - CATALOGING SOURCE
Original cataloging agency BPMET
Language of cataloging spa
Transcribing agency BPMET
092 ## - LOCALLY ASSIGNED DEWEY CALL NUMBER (OCLC)
Classification number xxxxxxx
Item number xxxxxxx
100 1# - MAIN ENTRY--PERSONAL NAME
Personal name Casamassima, Enzo
245 13 - TITLE STATEMENT
Title El amor es equilibrio /
Statement of responsibility, etc. Enzo Casamassima.
260 ## - PUBLICATION, DISTRIBUTION, ETC. (IMPRINT)
Place of publication, distribution, etc. Santo Domingo :
Name of publisher, distributor, etc. Alfa & Omega,
Date of publication, distribution, etc. 2009.
300 ## - PHYSICAL DESCRIPTION
Extent 103 p. ;
Dimensions 18 p.
930 #1 - EQUIVALENCE OR CROSS-REFERENCE-UNIFORM TITLE HEADING [LOCAL, CANADA]
Language of a work BND01
Medium of performance for music LF1
Field link and sequence number 20140605
Date of a work 01
Name of part/section of a work HD
Miscellaneous information 45063
942 ## - ADDED ENTRY ELEMENTS (KOHA)
Source of classification or shelving scheme Dewey Decimal Classification
Koha item type Libros
956 ## - LOCAL ELECTRONIC LOCATION AND ACCESS (OCLC)
Host name DGARCIA
Access number 10
Compression information 20140605
Logon BND01
Processor of request 1307
956 ## - LOCAL ELECTRONIC LOCATION AND ACCESS (OCLC)
Host name DGARCIA
Access number 10
Compression information 20140605
Logon BND01
Processor of request 1307
956 ## - LOCAL ELECTRONIC LOCATION AND ACCESS (OCLC)
Host name BTAVAREZ
Access number 10
Compression information 20140605
Logon BND01
Processor of request 1502
Existencias
Withdrawn status Lost status Source of classification or shelving scheme Damaged status Not for loan Collection code Home library Current library Date acquired Total Checkouts Barcode Date last seen Copy number Price effective from Koha item type
    Dewey Decimal Classification       Biblioteca Pública Metropolitana Salomé Ureña Biblioteca Pública Metropolitana Salomé Ureña 07/09/2014   BPMET15040496 07/09/2014 1 07/09/2014 Libros